| 000 | 00424cam a22001337a 4500 | ||
|---|---|---|---|
| 008 | 180718b1962 xxu||||| |||| 00| 0 eng d | ||
| 082 | _aT0x73 J778 | ||
| 100 | _aJosephson, Mathew | ||
| 245 |
_aRobber barons: the great American capitalists, 1861-1901 _cby Mathew Josephson |
||
| 260 |
_aLondon _bEyrw & Spottiswoode _c1962 |
||
| 300 | _a474p. | ||
| 650 | _aCapitalists and Financiers - USA | ||
| 650 | _aUSA - Economic History | ||
| 999 |
_c371953 _d371953 |
||